Statistics for US STATES ,US STATE CAPITALS ,COUNTRIES AND CAPITAL CITIES THAT CONTAIN LETTER V

Click here to take the quiz!

General Stats

  • This quiz has been taken 868 times
  • The average score is 36 of 50

Answer Stats

Answer% Correct
STATEVirginia
95%
COUNTRYVenezuela
94%
STATEWest Virginia
93%
COUNTRYVatican City
92%
CAPITAL CITYVatican City
92%
STATEVermont
92%
COUNTRYVietnam
90%
STATENevada
87%
COUNTRYVanuatu
86%
CAPITAL CITYVienna
82%
CAPITAL CITYVaduz
81%
CAPITAL CITYVilnius
81%
COUNTRYSlovenia
80%
COUNTRYSlovakia
79%
COUNTRYLatvia
77%
COUNTRYTuvalu
77%
STATEPennsylvania
76%
CAPITAL CITYValletta
73%
CAPITAL CITYVientiane
73%
COUNTRYBolivia
72%
CAPITAL CITYHavana
72%
CAPITAL CITYVictoria
71%
CAPITAL CITYSuva
70%
STATE CAPITALDenver
69%
STATE CAPITALDover
69%
CAPITAL CITYKyiv
69%
COUNTRYKosovo
68%
CAPITAL CITYMontevideo
68%
CAPITAL CITYAndorra La Vella
67%
COUNTRYMoldova
67%
CAPITAL CITYPort Vila
67%
CAPITAL CITYBratislava
66%
CAPITAL CITYBrazzaville
66%
CAPITAL CITYLibreville
66%
CAPITAL CITYMonrovia
66%
COUNTRYSt Vincent And The Grenadines
66%
COUNTRYEl Salvador
64%
STATE CAPITALNashville
64%
CAPITAL CITYReykjavik
64%
CAPITAL CITYSan Salvador
63%
COUNTRYSt Kitts And Nevis
63%
COUNTRYMaldives
62%
STATE CAPITALProvidence
62%
COUNTYBosnia And Herzegovina
61%
CAPITAL CITYYerevan
61%
COUNTRYCote D Ivoire
60%
CAPITAL CITYSarajevo
58%
CAPITAL CITYAntananarivo
56%
COUNTRYCabo Verde
56%
CAPITAL CITYPorto Novo
53%

Score Distribution

Percentile by Number Answered

Percent of People with Each Score

Your Score History

You have not taken this quiz